000 00352nam a2200157Ia 4500
003 Ost
005 20260225132538.0
008 260225s9999||||xx |||||||||||||| ||und||
040 _cfsic
041 _afre
082 _a363.34
100 _aCharles zogribe
_eAuteur
245 0 _aLe risque de guerre /
245 0 _cCharles zogribe
942 _cكتاب
999 _c33356
_d33356